| 000 | 00497ntaaa2200181 4500 | ||
|---|---|---|---|
| 003 | 01 | ||
| 005 | 20251027201942.0 | ||
| 008 | 0714s1973 ag 01 | ||
| 040 |
_aAR-BaBN _bspa _cAR-BaBN _eaacr _dRIC |
||
| 082 | _a248.0000 Ai6 | ||
| 100 |
_aAinslie, Pedro _918108 |
||
| 245 | _aDios y yo | ||
| 250 |
_a1 ed. : _bAurora, _cc/928 |
||
| 300 | _a69 p. | ||
| 500 | _aBreve manual de los principios que producen una relación íntima entre el creyente y Dios. | ||
| 650 | _aVida Cristiana | ||
| 942 | _cBK | ||
| 999 |
_c14246 _d14246 |
||